| 000 | 00817nam a2200253Ia 4500 | ||
|---|---|---|---|
| 003 | OSt | ||
| 005 | 20220923211814.0 | ||
| 006 | a|||||r|||| 00| 0 | ||
| 007 | ta | ||
| 008 | 220922b |||||||| |||| 00| 0 hin d | ||
| 024 | _a57,981 | ||
| 037 | _cTextual | ||
| 040 |
_aARTS _cARTS _bhin |
||
| 041 |
_2hin _ahin |
||
| 082 | _aQ1:(P:1), 152L2 | ||
| 100 | _aचौबे, व्रजबिहारी | ||
| 245 | 0 | _aवैदिक स्वरित मीमांसा | |
| 246 | _aVaidik svarit mīmāansā | ||
| 260 |
_aहोशियारपुर _b वैदिक साहित्य सदन _c1972 |
||
| 300 |
_a130पृ. _ccm. |
||
| 650 | _aधर्म | ||
| 942 |
_hQ1:(P:1), 152L2 _cTEXL _2CC |
||
| 999 |
_c303795 _d303795 |
||